000 01654cam a22004574i 4500
003 PE-LiUPU
005 20250731173507.0
008 150616s r 000 0 d
020 _a0440503248
035 _a(Sirsi) i9780440503248
040 _aPE-LiUPU
_bspa
_cPE-LiUPU
_erda
049 _aPRUA
082 0 4 _a254.09
_bD57
_221
100 1 _aDe Pree, Max,
_eautor.
245 1 0 _aLeadership is an Art.
264 1 _aNew York :
_bA Dell Trade Paperback,
_c1990.
300 _a148 páginas ;
_c20 centímetros
336 _atext
_2rdacontent
337 _aunmediated
_2rdamedia
338 _avolume
_2rdacarrier
505 0 _aThe millwright died -- What is leadership? -- Participative permises -- Theory fastball -- Roving leadership -Intimacy -- Whither capitalism? -- Giant tales -- Tribal storytelling -- Who owns this place? -- Communicate! -- Pinck ice the urinal -- What's next? -- leadership
526 _aSEG42
526 _aSEG41
526 _aSEG40
526 _aSEG39
526 _aP94
526 _aP87
526 _aP86
526 _aP85
526 _aP77
526 _aP76
526 _aP35
650 0 4 _aLIDERAZGO - HISTORIA.
910 _ajck
_bjvq
_cjck
942 _2ddc
_cBOOK
949 _a254.09 D57
_wDEWEY
_c1
_i40529
_lCCODEBUL1
_mBUL
_r0
_sY
_tBOOK
_u2015-6-16
_xTEOLOGIA
_zUNKNOWN
_0COMPRA
_o.STAFF. Colección General
994 _aC0
_bPEPRU
596 _a1
999 _a254.09 D57
_wDEWEY
_c58320
_i40529
_f2021-11-10
_g5
_lCCODEBUL1
_mBUL
_r0
_sY
_tBOOK
_u2015-6-16
_xTEOLOGIA
_zUNKNOWN
_0COMPRA
_o.STAFF. Colección General
_d58320
980 _81
_gALBERTO SANCHEZ Responsable de Automatización